Kamus : Bahasa Arab-Bahasa Inggeris-Bahasa Malaysia

Bibliographic Details
Main Author: Yan Tirtobisono & Ekromz
Format: Book
Published: Singapore : Omar Brothers Publications Pte Ltd , 1997
Subjects:

MARC

LEADER 00000cam a2200000 7i4500
001 0000050254
005 20150709.0
008 150708
020 |a 9971861240 
090 0 0 |a R 413   |b KAM 
100 1 |a Yan Tirtobisono & Ekromz 
245 1 0 |a Kamus :   |b Bahasa Arab-Bahasa Inggeris-Bahasa Malaysia   |c Yan Tirtobisono & Ekromz 
260 |a Singapore :   |b Omar Brothers Publications Pte Ltd ,   |c 1997 
650 0 |a Arabic language   |x Dictionaries   |x Polyglof 
650 0 |a Inggeris language   |x Dictionaries   |x Polyglof 
650 0 |a Malay language   |x Dictionaries   |x Polyglof 
999 |a 0000796492   |b Book   |c REFERENCE   |e Cawangan Segamat 
999 |a 0000816699   |b Book   |c REFERENCE   |e Cawangan Mersing